| 000 | 00433nam a2200145 i 4500 | ||
|---|---|---|---|
| 001 | 90575 | ||
| 003 | ES-MaACL | ||
| 007 | t| | ||
| 008 | 050121s1910 ag ||||1| spa d | ||
| 100 | 1 |
_aLeguizamón, Martiniano. _971319 |
|
| 245 | 1 | 3 |
_aLa iconografía de Juan de Garay / _cMartiniano Leguizamón. |
| 260 |
_aLa Plata : _b[s.n., _c1910] ( _fTaller de Impresiones Oficiales) |
||
| 300 |
_a58 p. ; _c26 cm. |
||
| 852 |
_aES-MaACL _jG-4927 |
||
| 999 |
_c90575 _d90575 |
||